Catálogo público

De cándidos recreos (Record no. 98576)

MARC details
000 -CABECERA
campo de control de longitud fija 00906nam a22003017a 4500
003 - IDENTIFICADOR DEL NÚMERO DE CONTROL
campo de control CHAP
005 - FECHA Y HORA DE LA ÚLTIMA TRANSACCIÓN
campo de control 20220329143549.0
008 - DATOS DE LONGITUD FIJA--INFORMACIÓN GENERAL
campo de control de longitud fija 100602s2009 mx r 00010 spa d
010 ## - NÚMERO DE CONTROL DE LA BIBLIOTECA DEL CONGRESO
Número de control de LC 98576
011 ## - ENLACE DEL NUMERO DE CONTROL DE LA BIBLIOTECA DEL CONGRESO [OBSOLETO]
Número de control de LC 99548
020 ## - NÚMERO INTERNACIONAL ESTÁNDAR DEL LIBRO
Número Internacional Estándar del Libro 9786071200952
035 ## - NÚMERO DE CONTROL DEL SISTEMA
Número de control de sistema 110234
040 ## - FUENTE DE LA CATALOGACIÓN
Centro/agencia transcriptor CHAP
082 14 - NÚMERO DE LA CLASIFICACIÓN DECIMAL DEWEY
Número de clasificación 861.1
Número de documento/Ítem J97
100 1# - ENTRADA PRINCIPAL--NOMBRE DE PERSONA
Nombre de persona Juárez Téllez, María Ángeles.
9 (RLIN) 62492
245 10 - MENCIÓN DE TÍTULO
Título De cándidos recreos
Mención de responsabilidad, etc. /por María Ángeles Juárez Téllez
260 ## - PUBLICACIÓN, DISTRIBUCIÓN, ETC.
Lugar de publicación, distribución, etc. Chapingo, Méx. :
Nombre del editor, distribuidor, etc. UACH,
Fecha de publicación, distribución, etc. 2009
300 ## - DESCRIPCIÓN FÍSICA
Extensión 93 p.
590 ## - NOTA LOCAL (RLIN)
Nota local BATCH-UPD
Procedencia (VM) [OBSOLETO] 10
Condición del los carretes individuales (VM) [OBSOLETO] 20130110
-- UCH01
-- 1240
590 ## - NOTA LOCAL (RLIN)
Nota local BATCH-UPD
Procedencia (VM) [OBSOLETO] 10
Condición del los carretes individuales (VM) [OBSOLETO] 20130410
-- UCH01
-- 0806
590 ## - NOTA LOCAL (RLIN)
Nota local BATCH-UPD
Procedencia (VM) [OBSOLETO] 10
Condición del los carretes individuales (VM) [OBSOLETO] 20130914
-- UCH01
-- 1706
590 ## - NOTA LOCAL (RLIN)
Nota local CONVERSION
Procedencia (VM) [OBSOLETO] 10
Condición del los carretes individuales (VM) [OBSOLETO] 20130109
-- UCH01
-- 1354
650 14 - PUNTO DE ACCESO ADICIONAL DE MATERIA--TÉRMINO DE MATERIA
Término de materia o nombre geográfico como elemento de entrada Literatura.
9 (RLIN) 67113
650 14 - PUNTO DE ACCESO ADICIONAL DE MATERIA--TÉRMINO DE MATERIA
Término de materia o nombre geográfico como elemento de entrada Poesía.
9 (RLIN) 90141
901 ## - ELEMENTOS DE DATOS A LOCAL LDA (RLIN)
a BK
942 ## - ELEMENTOS DE PUNTO DE ACCESO ADICIONAL (KOHA)
Tipo de ítem Koha Libro
949 ## - PROCESAMIENTO DE INFORMACIÓN LOCAL (OCLC)
a 808.81 J97
b BC
c UACH
d 33724002172454
e UACH
g I.c/e
h 112711
i 110234
s b
Holdings
Estado de retiro Estado de pérdida Estado dañado Restricciones de uso No para préstamo Código de colección Localización permanente Ubicación/localización actual Ubicación en estantería Fecha de adquisición Fuente de adquisición Información codificada de la localización en otra ubicación Número de inventario Total de préstamos Signatura topográfica completa Código de barras Fecha visto por última vez Precio válido a partir de Tipo de ítem Koha Fuente del sistema de clasificación o colocación Número de copia
      Préstamo 3 días   Publicaciones UACh Biblioteca Central Biblioteca Central Planta alta - Área de Tesis - UACh 05/09/2016 I.c/e LIBRO 127   808.81 J97 33724002172454 31/12/2019 31/12/2019 Libro    
      Préstamo 15 días   General Centro Regional San Luis Acatlán Centro Regional San Luis Acatlán   05/09/2016   LIBRO     808.81 J97 02000000614 31/12/2019 05/09/2016 Libro Dewey Decimal Classification c.2
      Préstamo 15 días   General Centro Regional San Luis Acatlán Centro Regional San Luis Acatlán   31/12/2019   LIBRO     808.81 J97 02000000615 31/12/2019 31/12/2019 Libro Dewey Decimal Classification